Psikologi Rasulullah S.A.W. : Dalam Berinteraksi Dengan Masyarakat

Bibliographic Details
Main Author: Basri bin Ibrahim Al-Hasani Al-Azhari,Dr
Format: Book
Published: Selangor : AL-Hidayah Publication , 2009
Subjects:

MARC

LEADER 00000cam a2200000 7i4500
001 0000096083
005 20120626.0
008 100526 bm
020 |a 9789675274343 
090 0 0 |a 297.63 BAS 
100 1 |a Basri bin Ibrahim Al-Hasani Al-Azhari,Dr. 
245 1 0 |a Psikologi Rasulullah S.A.W. :   |b Dalam Berinteraksi Dengan Masyarakat   |c Dr.Basri bin Ibrahim Al-Hasani Al-Azhari 
260 |a Selangor :   |b AL-Hidayah Publication ,   |c 2009 
300 |a xii.,277p. ;   |c 21cm. 
650 0 0 |a Islam & Religion Originating in it 
999 |a 0000129478   |b Buku   |c Rak Terbuka   |e Perpustakaan Komuniti UTC Melaka 
999 |a 0000129479   |b Buku   |c Rak Terbuka   |e Perpustakaan Komuniti UTC Melaka